<?xml version="1.0" encoding="UTF-8"?>
<record
    xmlns:xsi="http://www.w3.org/2001/XMLSchema-instance"
    xsi:schemaLocation="http://www.loc.gov/MARC21/slim http://www.loc.gov/standards/marcxml/schema/MARC21slim.xsd"
    xmlns="http://www.loc.gov/MARC21/slim">

  <leader>01319nam a22002657a 4500</leader>
  <controlfield tag="005">20250805092242.0</controlfield>
  <controlfield tag="008">240203b           ||||| |||| 00| 0 eng d</controlfield>
  <datafield tag="020" ind1=" " ind2=" ">
    <subfield code="a">9789353061067</subfield>
  </datafield>
  <datafield tag="040" ind1=" " ind2=" ">
    <subfield code="c">AL</subfield>
  </datafield>
  <datafield tag="041" ind1=" " ind2=" ">
    <subfield code="a">eng</subfield>
  </datafield>
  <datafield tag="082" ind1=" " ind2=" ">
    <subfield code="2">23</subfield>
    <subfield code="a">370.15</subfield>
    <subfield code="b">SLAE</subfield>
  </datafield>
  <datafield tag="100" ind1=" " ind2=" ">
    <subfield code="a">Robert E Slavin</subfield>
    <subfield code="9">233834</subfield>
  </datafield>
  <datafield tag="245" ind1=" " ind2=" ">
    <subfield code="a">Educational Psychology</subfield>
    <subfield code="b">: Theory and Practice Ed 12</subfield>
  </datafield>
  <datafield tag="250" ind1=" " ind2=" ">
    <subfield code="a">12</subfield>
  </datafield>
  <datafield tag="260" ind1=" " ind2=" ">
    <subfield code="a">Noida</subfield>
    <subfield code="b">Pearson</subfield>
    <subfield code="c">2018</subfield>
  </datafield>
  <datafield tag="300" ind1=" " ind2=" ">
    <subfield code="a">xxx,527p</subfield>
    <subfield code="b">PB</subfield>
    <subfield code="c">27x21cm</subfield>
  </datafield>
  <datafield tag="365" ind1=" " ind2=" ">
    <subfield code="2">Psychology</subfield>
    <subfield code="a">7520</subfield>
    <subfield code="b">519.00</subfield>
    <subfield code="c">&#x20B9;</subfield>
    <subfield code="d">649.00</subfield>
    <subfield code="e">20%</subfield>
    <subfield code="f">01-02-2024</subfield>
  </datafield>
  <datafield tag="520" ind1=" " ind2=" ">
    <subfield code="a">1. Educational Psychology: A Foundation for Teaching 2. Cognitive Development 3. Social, Moral, &amp; Emotional Development 4. Student Diversity 5. Behavioral &amp; Social Theories of Learning 6. Cognitive Theories of Learning 7. The Effective Lesson 8. Student-Centered &amp; Constructivist Approaches to Instruction 9. Grouping, Differentiation, &amp; Technology 10. Motivating Students to Learn 11. Effective Learning Environments 12. Learners with Exceptionalities 13. Assessing Student Learning 14. Standardized Tests &amp; Accountability</subfield>
  </datafield>
  <datafield tag="650" ind1=" " ind2=" ">
    <subfield code="a">Emotional Development</subfield>
    <subfield code="9">149614</subfield>
  </datafield>
  <datafield tag="650" ind1=" " ind2=" ">
    <subfield code="a">Effective Lesson</subfield>
    <subfield code="9">149615</subfield>
  </datafield>
  <datafield tag="650" ind1=" " ind2=" ">
    <subfield code="a">Behavioral and Social Theories of Learning</subfield>
    <subfield code="9">149616</subfield>
  </datafield>
  <datafield tag="650" ind1=" " ind2=" ">
    <subfield code="a">Learning Environment</subfield>
    <subfield code="9">149617</subfield>
  </datafield>
  <datafield tag="700" ind1=" " ind2=" ">
    <subfield code="a">Slavin, Robert E</subfield>
    <subfield code="9">149618</subfield>
  </datafield>
  <datafield tag="942" ind1=" " ind2=" ">
    <subfield code="2">ddc</subfield>
    <subfield code="c">REF</subfield>
  </datafield>
  <datafield tag="999" ind1=" " ind2=" ">
    <subfield code="c">229725</subfield>
    <subfield code="d">229725</subfield>
  </datafield>
  <datafield tag="952" ind1=" " ind2=" ">
    <subfield code="0">0</subfield>
    <subfield code="1">0</subfield>
    <subfield code="2">ddc</subfield>
    <subfield code="4">0</subfield>
    <subfield code="7">3</subfield>
    <subfield code="8">PSY</subfield>
    <subfield code="a">AL</subfield>
    <subfield code="b">AL</subfield>
    <subfield code="c">RS</subfield>
    <subfield code="d">2024-02-02</subfield>
    <subfield code="e">Biblios Book Point Surathkal Mangalore 575014</subfield>
    <subfield code="g">519.00</subfield>
    <subfield code="l">0</subfield>
    <subfield code="o">370.15 SLAE</subfield>
    <subfield code="p">077085</subfield>
    <subfield code="r">2024-02-03 00:00:00</subfield>
    <subfield code="v">649.00</subfield>
    <subfield code="w">2024-02-03</subfield>
    <subfield code="y">REF</subfield>
  </datafield>
</record>
